| 000 | 00389nam a2200145Ia 4500 | ||
|---|---|---|---|
| 008 | 150201s2002 xx 000 0 und d | ||
| 082 |
_a617.6 _bP2002G |
||
| 100 | _aASHISH GUPTA | ||
| 245 | _aPOST GRADUATE MEDICAL ENTRANCE EXAMINATION | ||
| 250 | _a1ST | ||
| 260 |
_bARORA MEDICAL BOOKS DISTRIBUTOR _aLUCKNOW _c2002 |
||
| 300 | _a176-350 | ||
| 650 | _aGENERAL DENTISTRY | ||
| 942 |
_2ddc _cBK |
||
| 999 |
_c2796 _d2796 |
||